Danish Baby Boy Names by Decade - Statistics

General Stats
  • This quiz has been taken 860 times
  • The average score is 55 of 110
Answer Stats
Answer % Correct
Christian
77%
Kristian
77%
Peter
73%
John
70%
Hans
68%
Frederik
61%
Thomas
59%
Anders
58%
Carl
56%
Lars
56%
Jens
55%
Poul
55%
Michael
54%
Erik
51%
Henrik
50%
Martin
49%
Mads
48%
Oliver
48%
Johannes
45%
Niels
45%
Ole
44%
Søren
44%
Emil
42%
Mikkel
42%
Rasmus
42%
Jan
41%
Kasper
41%
Jonas
40%
Jørgen
36%
Morten
36%
Nikolaj
36%
Mathias
35%
Jørgen
34%
Jesper
33%
Per
32%
Magnus
30%
Kim
24%
Svend
23%
Bent
20%
Knud
17%
Aage
14%
No matching quizzes found
Score Distribution
Percent of People with Each Score
Percentile by Number Answered
Your Score History
You have not taken this quiz